| 000 | 00000nam 2200000za 4500 |
| 001 | 9.606646 |
| 003 | CaOODSP |
| 005 | 20240207110907 |
| 007 | cr ||||||||||| |
| 008 | 150406|2012||||xxc|||||o f|0| 0 fre d |
| 040 | |aCaOODSP|bfre |
| 043 | |an-cn--- |
| 086 | 1 |aSE7-3/2012-1F-PDF |
| 245 | 00|aEstimation du taux de participation par groupe d'âge et par sexe à l'élection générale fédérale de 2011 |h[ressource électronique]. |
| 260 | |aOttawa : |bÉlections Canada, |c2012. |
| 300 | |a18 p. : |bgraphiques |
| 490 | 1 |aÉlections Canada - documents de travail |
| 500 | |a« Avril 2012. » |
| 590 | |a14-07-Supp|b2014-04-03 |
| 691 | 07|aDonnées démographiques|2gcpds |
| 691 | 07|aÉlections|2gcpds |
| 691 | 07|aParticipation du citoyen|2gcpds |
| 710 | 2 |aÉlections Canada. |
| 775 | 08|tEstimation of voter turnout by age group and gender at the 2011 federal general election |w(CaOODSP)9.578913 |
| 830 | #0|aÉlections Canada - documents de travail.|w(CaOODSP)9.504135 |
| 856 | 40|ahttp://publications.gc.ca|qPDF|s338 Ko|uhttps://publications.gc.ca/collections/collection_2014/elections/SE7-3-2012-1-fra.pdf |